Culture Générale - Série 1610 - Statistiques

Statistiques générales
  • Ce quiz a été pris 130 fois
  • Le résultat moyen est 3 sur 10
Statistiques - réponses
Question Réponse % Correct
La grande flûte métallique à embouchure latérale, maintenue horizontalement, est appelée flûte... traversière
89%
Sous quel nom connait-on mieux la chanteuse Annie Chancel ? Sheila
63%
Quelle actrice suédoise est la mère d'Isabella Rossellini ? Ingrid Bergman
45%
Quelle actrice française avait pour vrai nom Léonie Bathiat ? Arletty
36%
En 1946, quel actrice, prénommée Lana, incarne Cora dans le film de Tay Garnett : “Le Facteur sonne toujours deux fois" ? Lana Turner
28%
Quel détroit, utilisé pour le trafic pétrolier, relie le golfe Persique et la mer d'Oman ? Ormuz
27%
En 1961, quel acteur incarne Roberto, dans le film “Un nommé La Rocca” de Jean Becker ? Jean-Paul Belmondo
19%
Dans quelle partie évasée d'une pipe le tabac brûle-t-il ? fourneau
12%
De quelle ville du Nord-Pas-de-Calais le peintre Antoine Watteau est-il originaire ? Valenciennes
11%
Quel film d'Alfred Hitchcock obtient l'Oscar du meilleur film de 1940 ? Rebecca
7%
Aucun quiz correspondant
Distribution des résultats
% des personnes avec chaque résultat
Percentile par nombre de réponses
Votre historique - résultats
Vous n’avez pas pris ce quiz